00656cam a22001817a 4500020001800000020001500018040000800033082002600041245010900067260010600176300002800282650001700310650001900327650000900346650002700355710006100382710003100443 a9789251069882 a9251069883 cCUV a363 FOO 2011 A015 Or.00aFAO/WHO guide for application of risk analysis principles and procedures during food safety emergencies. aRome :bFood and Agriculture Organization of the United Nations and World Health Organization,c2011. a52 p. :bill. ;c25 cm. 0aFood supply. 0aFood security. 0aFood 0aEmergency food supply.2 aFood and Agriculture Organization of the United Nations.2 aWorld Health Organization.